El diosero

Сохранить в:
Библиографические подробности
Главный автор: Rojas González, Francisco (autor)
Формат:
Язык:испанский
Серии:(Libros del Rincón)
Предметы:
Метки: Добавить метку
Нет меток, Требуется 1-ая метка записи!

MARC

LEADER 00000nam^a2200000^u^4500
001 000498223
005 20250521000000.0
008 070704s1000^^^^^^^^^^^^r^^^^^000^0^spa^d
009 20260310125651.825
022 |a 9680112160 
035 |a FCE 000042092 
037 |a Acervo ITESO - Biblioteca 
041 |a spa 
082 0 4 |a 863  |b ROJd 
100 |a Rojas González, Francisco  |e (autor) 
245 1 3 |a El diosero 
264 |a México :  |b SEP : FCE,  |c 2006. 
300 |a 136 p. 
336 |a texto  |b txt  |2 rdacontenido 
337 |a sin mediación  |b n  |2 rdamedio 
338 |a volumen  |b nc  |2 rdasoporte 
440 1 |a (Libros del Rincón) 
596 |a Material de lectura para la Telesecundaria. 
649 |a XX 
650 |a Siglo veinte 
650 |a Literatura mexicana 
650 |a Cuentos mexicanos 
910 |a Fondo Centro de Estudios Educativos 
920 |a Impresos - Libros 
930 |a Fondos Especiales 
905 |a 133 
901 |a ALE049178  |b IT2  |c CEE  |u 20250521 
901 |a ALE049179  |b IT2  |c CEE  |u 20250521 
902 |a https://opac.biblio.iteso.mx/vufind/Record/000498223